[Event "CHI-ch (Women)"]
[Site "Las Condes"]
[Date "2019.02.12"]
[Round "1"]
[White "Sanchez Tobar, Francisca Valentina"]
[Black "Kaempfe Fuentes, Catalina"]
[Result "1-0"]
[WhiteElo "1817"]
[BlackElo "1057"]
[PlyCount "61"]
[EventDate "2019.02.12"]
[EventType "swiss"]
[EventRounds "9"]
[EventCountry "CHI"]
[SourceTitle "CBM 188 Extra"]
[Source "ChessBase"]
[SourceDate "2019.02.26"]
[SourceVersion "1"]
[SourceVersionDate "2019.02.26"]
[SourceQuality "1"]

1. e4 e5 2. Nf3 Nc6 3. Nc3 Nf6 4. d4 d5 5. dxe5 dxe4 6. Qxd8+ Nxd8 7. Ng5 Nd7 8. Bf4 f6 9. exf6 gxf6 10. Ngxe4 Ne6 11. Be3 b6 12. Bb5 Be7 13. Nd5 Rf8 14. 0-0-0 Rf7 15. Rhe1 f5 16. Nxe7 fxe4 17. Nxc8 Rxc8 18. Bc6 Nd8 19. Bxe4 Nf6 20. Bf5 Nd7 21. Bc5+ Ne6 22. Bxe6 Nxc5 23. Bxc8+ Re7 24. Rxe7+ Kxe7 25. f3 Kf6 26. b4 Na4 27. Rd7 Nc3 28. Kb2 Nb5 29. Rxh7 Kg6 30. Bf5+ Kxf5 31. Rh5+ 1-0